000 00722nam a2200217 a 4500
003 BD-DhJNU
005 20250729053957.0
008 140403s2014 bg b 001 0 eng
020 _a9789849048541
040 _aBD-DhJNU
_bENG
_cBD-DhJNU
_dBD-DhJNU
082 0 0 _a954.92 OSE
_223
100 1 _aOsmany, Shireen Hasan
245 1 0 _aEvolution of Bangladesh /
_cShireen Hasan Osmany
264 1 _aDhaka :
_bA.H. Development Publishing House,
_c2014.
264 2 _aKolkata :
_bDistributor in India Atlas Enterprise
300 _a614 pages ;
_c22 cm
504 _aIncludes bibliographical references (pages 603-608) and index.
546 _aAppendices in English and Bengali.
651 0 _aBangladesh
_xHistory.
942 _cBK
999 _c1953
_d1953